Normal view
MARC view
- Quino,
Entry Nombre Personal
001 - NUMERO DE CONTROL
- campo de control: 30496
003 - IDENTIFICADOR DE NUMERO DE CONTROL
- campo de control: UPN
005 - FECHA Y HORA DE LA ÜLTIMA TRANSACCIÓN
- campo de control: 20220927123733.0
008 - DATOS DE LONGITUD FIJA
- campo de control de longitud fija: 220927n||acannaabn a ana |d
035 ## - NUMERO DE CONTROL
- Número de control: UPN11000002602
040 ## - FUENTE DE CATALOGACIÓN
- Agencia original de catalogación: UPN
- Lenguaje de catalogación: spa
- Agencia de transcripción: UPN
046 ## - FECHAS CON CODIFICACIÓN ESPECIAL
- Fecha de nacimiento: 1932
- Fecha de muerte: 2020
100 0# - ENCABEZAMIENTO - NOMBRE PERSONAL
- Nombre personal: Quino,
- Fechas asociadas con el nombre: 1932-2020
370 ## - LUGAR ASOCIADO
- Place of birth: Mendoza (Argentina)
- Place of death: Mendoza (Argentina)
374 ## - OCUPACIÓN
- Occupation: Humorista gráfico
- Occupation: Historietista
400 1# - VEÁSE - NOMBRE DE PERSONA
- Personal name: Lavado, Joaquín Salvador,
- Dates associated with a name: 1932-
400 1# - VEÁSE - NOMBRE DE PERSONA
- Personal name: Lavado Tejón, Joaquín Salvador,
- Dates associated with a name: 1932-2020
670 ## - FUENTE EN LA QUE SE LOCALIZARON DATOS
- Cita de la fuente: Wikipedia, 27 septiembre 2022:
- Información localizada: (Joaquín Salvador Lavado Tejón, conocido bajo el seudónimo de Quino (Mendoza, 17 de julio de 1932- Mendoza, 30 de septiembre de 2020) fue un humorista gráfico e historietista argentino nacionalizado español. Su obra más conocida fue la tira cómica Mafalda, publicada entre 1964 y 1973)
- Uniform Resource Identifier: https://es.wikipedia.org/wiki/Quino
680 ## - NOTA PUBLICA DE ACCESO PÚBLICO
- Frase explicativa de la referencia: Pensador, humorista gráfico argentino y creador de historietas
902 ## - CATALOGADOR
- Catalogador: CAA/041110
